000 00630nam a2200229Ia 4500
003 OSt
005 20220918202606.0
006 a|||||r|||| 00| 0
007 ta
008 220917b |||||||| |||| 00| 0 eng d
024 _a102,396
037 _cTextual
040 _aARTS
_cARTS
_beng
041 _2eng
_aeng
082 _aV252:1:M5, K8 ;1 (SL)
100 _aBhatnagar G D
_9104490
245 0 _aAwadh under Wajid Ali Shah
260 _aVaranasi
_bBhartiya Vidya Prakashan India
_c1968
650 _aHISTORY
942 _hV252:1:M5, K8 ;1 (SL)
_cTEXL
_2CC
999 _c225850
_d225850